01435nam a2200313 4500003000400000005001700004008004100021020001800062040001800080050002000098100004700118245036600165264004400531300002800575336002200603337002400625338002400649650003100673650006000704700003900764700003500803700004100838700004300879700006200922700005600984700005201040942001201092999001701104OSt20260530113851.0260420b2008 bl a|||| |||| 00| 0 spa d a9788521204473 aICIbspacICI aNK1401bA1 20081 aGui Bonsiepe • Silvia Fernández93122710aHistoria del Diseño en América Latina y el Caribebindustrialización y comunicación visual para la autonomíaccoordinación Silvia Fernández, Gui Bonsiepe ; traducciones Marco van Arnhem ... [y otros.] ; preparación: Paula Salinard (textos) ; María Belén García Santa Cruz, Gaspar Mostafá Fernández, Emiliano Mendoza Peña (imágenes) 1b Blücherc2008a São Paulo, Brasil  a371 páginasc25.5 cm. atexto2rdacontent asin medio2rdamedia avolumen2rdacarrier 4aDiseño industrial915218 4aDiseñox Historia ySiglo XXzAmérica Latina931228 1aFernández, Silviaeeditor931229 1aBonsiepe, Gui, eeditor931230 1aArnhem, Marco vane traductor931231 1aSalinardi, Paula,e colaborador931232 1aGarcía Santa Cruz, María Belén,ecolaborador931233 1aFernández, Gaspar Mostafá,e colaborador931234 1aMendoza Peña, Emiliano, |ecolaborador931235 2ddccBK c11456d11456